Sanat: "Cha cha cha" Käärijä - Statistics

Yleistilastot
  • Tätä visaa on pelattu 1 094 kertaa
  • Keskiarvotulos 216 / 284
Vastaustilastot
Hint Vastaus % Oikein
Cha
97%
cha
97%
ja
93%
Ja
93%
niinku
93%
Niinku
93%
takan
90%
En
88%
en
88%
colada
87%
pina
87%
viikko
85%
Säkeistö 1 Rankka
84%
ku
83%
pitkii
83%
kaksin
82%
käsin
82%
kiinni
82%
82%
on
82%
päiviä
82%
paljon
80%
Kertosäe Pidän
80%
juomista
79%
rata
79%
Tää
78%
tää
78%
aika
74%
Enkä
72%
tanssimaan
72%
maailmaa
70%
tuhota
70%
vielä
70%
jäinen
69%
lähden
69%
oo
69%
tätä
69%
tuopista
69%
ulkokuori
69%
Ilta
68%
huomista
67%
jo
67%
nuori
67%
mieti
66%
pelkääkään
66%
Kun
65%
Mielenkiintona
65%
tartun
65%
kaadan
64%
kumota
64%
Jälkikertosäe Nyt
64%
aikaa
63%
päälleni
63%
se
62%
oon
60%
enää
58%
takana
58%
mies
56%
Säkeistö 2 Muutama
52%
toinen
50%
samppanjaa
49%
tulossa
49%
tänään
48%
vakava
48%
huolista
47%
silmä
47%
vapaa
47%
karsastaa
46%
laisinkaan
46%
naamataulu
46%
saa
46%
mul
45%
must
45%
mut
45%
olla
45%
puoli
45%
pysy
45%
tuolissa
45%
vallan
45%
sekasin
44%
ei
43%
Haluun
43%
kutsuu
43%
Parketti
43%
Silti
43%
mua
42%
puhe
42%
sammaltaa
42%
arkena
41%
jatkan
38%
kunnes
38%
lukossa
38%
ahaa
29%
vou
21%
ye
18%
yeah
16%
Ehtoja vastaavia visoja ei löytynyt
Tulosjakauma
Jokaisen tuloksen saaneiden osuus
Persentiili vastausten määrän mukaan
Tuloshistoriasi
Et ole pelannut tätä visaa